Learning By Doing: A Handbook for Proffesional Learning Communities at work (Record no. 25778)
[ view plain ]
| 000 -LEADER | |
|---|---|
| fixed length control field | 00852nam a22002537a 4500 |
| 003 - CONTROL NUMBER IDENTIFIER | |
| control field | OSt |
| 005 - DATE AND TIME OF LATEST TRANSACTION | |
| control field | 20260701122815.0 |
| 008 - FIXED-LENGTH DATA ELEMENTS--GENERAL INFORMATION | |
| fixed length control field | 260701b |||||||| |||| 00| 0 eng d |
| 020 ## - INTERNATIONAL STANDARD BOOK NUMBER | |
| International Standard Book Number | 9781932127935 |
| 040 ## - CATALOGING SOURCE | |
| Transcribing agency | Chuka University Library |
| 050 ## - LIBRARY OF CONGRESS CALL NUMBER | |
| Classification number | LB 2822.82 .L43 2006 |
| 100 ## - MAIN ENTRY--PERSONAL NAME | |
| Personal name | DuFour Richard |
| 9 (RLIN) | 28615 |
| 245 ## - TITLE STATEMENT | |
| Title | Learning By Doing: A Handbook for Proffesional Learning Communities at work |
| 260 ## - PUBLICATION, DISTRIBUTION, ETC. | |
| Place of publication, distribution, etc. | North Morton |
| Name of publisher, distributor, etc. | Solution Tree |
| Date of publication, distribution, etc. | 2006 |
| 300 ## - PHYSICAL DESCRIPTION | |
| Extent | Various Pagings |
| 650 ## - SUBJECT ADDED ENTRY--TOPICAL TERM | |
| Topical term or geographic name entry element | School Improvement Programs---United States |
| 9 (RLIN) | 28059 |
| 650 ## - SUBJECT ADDED ENTRY--TOPICAL TERM | |
| Topical term or geographic name entry element | Education Leadership ---United States |
| 9 (RLIN) | 30649 |
| 650 ## - SUBJECT ADDED ENTRY--TOPICAL TERM | |
| Topical term or geographic name entry element | Teachers ----In-Sercvice Training |
| 9 (RLIN) | 32343 |
| 650 ## - SUBJECT ADDED ENTRY--TOPICAL TERM | |
| Topical term or geographic name entry element | Professional Learning Communities |
| 9 (RLIN) | 32193 |
| 700 ## - ADDED ENTRY--PERSONAL NAME | |
| Personal name | DuFour Rebbeca |
| 9 (RLIN) | 32344 |
| 700 ## - ADDED ENTRY--PERSONAL NAME | |
| Personal name | Eaker Robert |
| 9 (RLIN) | 30382 |
| 700 ## - ADDED ENTRY--PERSONAL NAME | |
| Personal name | Many Thomas |
| 9 (RLIN) | 32345 |
| 942 ## - ADDED ENTRY ELEMENTS (KOHA) | |
| Source of classification or shelving scheme | Library of Congress Classification |
| Koha item type | Long Loan Books |
| Suppress in OPAC | No |
No items available.
